Islam in the Sudan / (Record no. 20424)

MARC details
000 -LEADER
fixed length control field 00707cam a22002411 4500
001 - CONTROL NUMBER
control field 6016211
003 - CONTROL NUMBER IDENTIFIER
control field BDDh-ASL
005 - DATE AND TIME OF LATEST TRANSACTION
control field 20231015025904.0
008 - FIXED-LENGTH DATA ELEMENTS--GENERAL INFORMATION
fixed length control field 771207s19651949enkb 000 0 eng
010 ## - LIBRARY OF CONGRESS CONTROL NUMBER
LC control number 49010528
035 ## - SYSTEM CONTROL NUMBER
System control number (OCoLC)3469891
040 ## - CATALOGING SOURCE
Original cataloging agency DLC
Transcribing agency MiGrC
Modifying agency MiGrC
-- OCoLC
-- DLC
-- BDDh-ASL
042 ## - AUTHENTICATION CODE
Authentication code premarc
050 00 - LIBRARY OF CONGRESS CALL NUMBER
Classification number BP65.E5
Item number T7
082 ## - DEWEY DECIMAL CLASSIFICATION NUMBER
Classification number 297.0962
Item number TRI
100 1# - MAIN ENTRY--PERSONAL NAME
Personal name Trimingham, J. Spencer
Fuller form of name (John Spencer),
Dates associated with a name 1904-
245 10 - TITLE STATEMENT
Title Islam in the Sudan /
260 ## - PUBLICATION, DISTRIBUTION, ETC.
Place of publication, distribution, etc. London:
-- New York,
Name of publisher, distributor, etc. Oxford Univ. Press,
Date of publication, distribution, etc. 1965.
300 ## - PHYSICAL DESCRIPTION
Extent x, 280 p.
Other physical details maps (1 fold. col.)
Dimensions 22 cm.
650 #0 - SUBJECT ADDED ENTRY--TOPICAL TERM
Topical term or geographic name entry element Muslims
Geographic subdivision Sudan.
906 ## - LOCAL DATA ELEMENT F, LDF (RLIN)
a 7
b cbc
c oclcrpl
d u
e ncip
f 19
g y-gencatlg
942 ## - ADDED ENTRY ELEMENTS (KOHA)
Source of classification or shelving scheme Dewey Decimal Classification
Koha item type Books
Holdings
Withdrawn status Lost status Source of classification or shelving scheme Damaged status Not for loan Collection code Home library Current library Shelving location Date acquired Source of acquisition Total Checkouts Full call number Barcode Date last seen Copy number Price effective from Koha item type
    Dewey Decimal Classification     Non-fiction Asiatic Society Library Asiatic Society Library General Stacks 01/09/2021 ASB Collection   297.0962 TRI 103868 01/09/2021 C-1 01/09/2021 Books
    Dewey Decimal Classification     Non-fiction Asiatic Society Library Asiatic Society Library General Stacks 01/09/2021 ASB Collection   297.0962 TRI 103869 01/09/2021 C-2 01/09/2021 Books

Powered by Koha